Komunikácia v kontrolnej činnosti diplomová práca

Na minha lista:
Detalhes bibliográficos
Autor principal: Lindovský, Ivan
Autor Corporativo: Fakulta podnikového manažmentu EU. Katedra manažmentu
Outros Autores: Kráčmar, Ján
Formato: Livro
Idioma:eslovaco
Publicado em: Bratislava 2012
Tags: Adicionar Tag
Sem tags, seja o primeiro a adicionar uma tag!

MARC

LEADER 00000nbm a2200000 4500
001 0158722
005 20161109102206.7
041 0 |a slo 
044 |a SK 
245 1 0 |a Komunikácia v kontrolnej činnosti  |b diplomová práca  |c Ivan Lindovský ; školiteľ: Jan Kráčmar 
264 1 |a Bratislava  |c 2012 
300 |a 71 s. 
100 1 |a Lindovský, Ivan 
700 1 |a Kráčmar, Ján 
710 2 |a Fakulta podnikového manažmentu EU. Katedra manažmentu